000 00783nas a2200241 4500
001 BR2011002079
003 BR-BrBNA
005 20231205114547.0
007 ta
008 230509b bl.|||p| |||| 00| 00por d
040 _aBR-BrBNA
_bpor
_cBiblioteca Nacional de Agricultura
041 _a(Pt)
072 _aF70
100 1 _aGomes, A.P. de S.
100 1 _aSales, M.F. de
100 1 _aMelo, A.L. de
245 1 _aNovidades taxonômicas em Croton sect. Argyroglossum Baill. e C. sect. Lasiogyne Klotzsch (Crotonoideae-Euphorbiaceae)
650 _aCROTON
650 _aTAXONOMIA VEGETAL
773 0 _tActa Botanica Brasilica (Brazil)
_xISSN 0102-3306
_g(Oct-Dec 2010), v. 24(4) p. 905-908
_wBR2011002079
909 _a202311
_bLúcia
_c55
_dLúcia Elande
942 _2AGRIS
_n0
_cANA
999 _c209329
_d209329